The end of finance the theory of capital market inflation, financial derivatives and pension fund capitalism /

Bibliographic Details
Main Author: Toporowski, Jan.
Corporate Author: ProQuest (Firm)
Format: Electronic eBook
Language:English
Published: London ; New York : Routledge, 2000.
Series:Routledge frontiers of political economy ; 25.
Subjects:
Online Access:Click to View
LEADER 01507nam a2200397Ia 4500
001 EBC169715
003 MiAaPQ
005 20200520144314.0
006 m o d |
007 cr cn|||||||||
008 990202s2000 enka sb 001 0 eng d
010 |z  99012801  
020 |z 020301409X 
020 |z 0415208815 (hb.) 
035 |a (MiAaPQ)EBC169715 
035 |a (Au-PeEL)EBL169715 
035 |a (CaPaEBR)ebr10054741 
035 |a (CaONFJC)MIL33676 
035 |a (OCoLC)437078494 
040 |a MiAaPQ  |c MiAaPQ  |d MiAaPQ 
050 4 |a HG4523  |b .T673 2000 
082 0 4 |a 332/.0414  |2 21 
100 1 |a Toporowski, Jan. 
245 1 4 |a The end of finance  |h [electronic resource] :  |b the theory of capital market inflation, financial derivatives and pension fund capitalism /  |c Jan Toporowski. 
260 |a London ;  |a New York :  |b Routledge,  |c 2000. 
300 |a xvi, 160 p. :  |b ill. 
490 1 |a Routledge frontiers of political economy ;  |v 25 
504 |a Includes bibliographical references (p. [151]-155) and index. 
533 |a Electronic reproduction. Ann Arbor, MI : ProQuest, 2015. Available via World Wide Web. Access may be limited to ProQuest affiliated libraries. 
650 0 |a Capital market. 
650 0 |a Derivative securities. 
650 0 |a Pension trusts. 
655 4 |a Electronic books. 
710 2 |a ProQuest (Firm) 
830 0 |a Routledge frontiers of political economy ;  |v 25. 
856 4 0 |u https://ebookcentral.proquest.com/lib/matrademy/detail.action?docID=169715  |z Click to View